Retratos contemporáneos (Registro nro. 779)

Detalles MARC
000 -CABECERA
Longitud fija campo de control 00758nam a2200217 b 4500
001 - NÚMERO DE CONTROL
Número de control 00000000105996
003 - IDENTIFICADOR DELl NÚMERO DE CONTROL
Identificador del número de control OSt
005 - FECHA Y HORA DE LA ÚLTIMA TRANSACCIÓN
Fecha y hora de la última transacción 20140829213005.0
008 - CÓDIGOS DE INFORMACIÓN DE LONGITUD FIJA
Códigos de información de longitud fija 020226s1950 arg 000 0cspa d
040 ## - FUENTE DE LA CATALOGACIÓN
Centro catalogador de origen ZA-BP
Centro transcriptor BMC
082 ## - NÚMERO DE LA CLASIFICACIÓN DECIMAL DEWEY
Númeroo de clasificación 928-44
100 ## - PUNTO DE ACCESO PRINCIPAL-NOMBRE DE PERSONA
Nombre de persona Sainte-Beuve, Charles-Augustin
9 (RLIN) 849
Fechas asociadas al nombre 1804-1869
245 10 - MENCIÓN DE TÍTULO
Título Retratos contemporáneos
Mención de responsabilidad, etc. C. Sainte-Beuve ; [traducción de Manuel Granel]
260 ## - PUBLICACIÓN, DISTRIBUCIÓN, ETC. (PIE DE IMPRENTA)
Lugar de publicación, distribución, etc. Buenos Aires
Nombre del editor, distribuidor, etc. Espasa-Calpe
Fecha de publicación, distribución, etc. 1950
300 ## - DESCRIPCIÓN FÍSICA
Extensión 149 p.
Dimensiones 18 cm
490 ## - MENCIÓN DE SERIE
Mención de serie Austral
Designación de volumen o secuencia 1045
505 ## - NOTA DE CONTENIDO CON FORMATO
Nota de contenido con formato Contiene las biografías de: Eugenio Sué, Eugenio Scribe, Próspero Merimée, Teófilo Gautier Casimiro Delavigne y Benjamín Constant
650 ## - PUNTO DE ACCESO ADICIONAL DE MATERIA - TÉRMINO DE MATERIA
9 (RLIN) 1375
Término de materia o nombre geográfico como elemento inicial Escritores franceses
Subdivisión de materia general Biografías
700 ## - PUNTO DE ACCESO ADICIONAL - NOMBRE DE PERSONA
9 (RLIN) 429
Nombre de persona Granell, Manuel
942 ## - ENTRADA DE ELEMENTOS AGREGADOS (KOHA)
Fuente de clasificaión o esquema Dewey Decimal Classification
Koha [por defecto] tipo de item 1- Monografias
Existencias
Suprimido Perdido Fuente de clasificación o esquema Estropeado Restricciones de uso No para préstamo Código de colección Localización permanente Localización actual Localización en estanter&íacute;as Fecha adquisición Fuente de adquisición Número de inventario Préstamos totales Signatura completa Código de barras Fecha última consulta Fecha último préstamo Coste, precio reemplazado Fecha del precio de reemplazo Tipo de item de Koha
NULL NULL Dewey Decimal Classification NULL Prestable NULL NULL Biblioteca Miguel de Cervantes - UNICAES Biblioteca Miguel de Cervantes - UNICAES Sala Principal 22/07/1998 Donación - Marco René Revelo 000892 1 928 SAI ret 1000892 26/09/2019 24/09/2019 12.50 18/06/2013 1- Monografias